Größte Länder Europas - Statistiken

Allgemein
  • Dieses Quiz wurde 146 mal gespielt
  • Das Durchschnittsergebnis liegt bei 10 aus 10
Antwortstatistiken
Fläche in km² Land % Korrekt
3.955.800 Russland
100%
357.121 Deutschland
99%
543.965 Frankreich
99%
504.645 Spanien
98%
323.759 Norwegen
97%
449.964 Schweden
97%
338.144 Finnland
95%
603.700 Ukraine
94%
312.685 Polen
92%
301.336 Italien
90%
Keine übereinstimmenden Quizze gefunden
Verteilung der Resultate
Anzahl Personen mit jedem Resultat
Perzentil nach korrekt beantworteten Fragen
Ihre Resultats-Entwicklung
Sie haben dieses Quiz noch nicht gespielt